Central Library OPAC University of Rajshahi

English at home / (Record no. 50374)

MARC details
000 -LEADER
fixed length control field 00790nam a22002532a 4500
001 - CONTROL NUMBER
control field 50374
003 - CONTROL NUMBER IDENTIFIER
rucl marc code BD-RjUL
005 - DATE AND TIME OF LATEST TRANSACTION
control field 20211209075511.0
008 - FIXED-LENGTH DATA ELEMENTS--GENERAL INFORMATION
fixed length control field 160824s1969 enk b 001 0 eng d
035 ## - SYSTEM CONTROL NUMBER
System control number (BD-RjUL)50494
040 ## - CATALOGING SOURCE
Original cataloging agency DLC
Transcribing agency DLC
Modifying agency UKM
-- BD-RjUL
-- EQO
Language of cataloging eng
041 ## - LANGUAGE CODE
Language code of text/sound track or separate title eng
082 ## - DEWEY DECIMAL CLASSIFICATION NUMBER
Classification number 428.24
Author mark and year LEE 1969
100 1# - MAIN ENTRY--PERSONAL NAME
Personal name Lee, William Rowland.
9 (RLIN) 150957
245 10 - TITLE STATEMENT
Title English at home /
Statement of responsibility, etc. by W. R. Lee
250 ## - EDITION STATEMENT
Edition statement Class ed.
260 ## - PUBLICATION, DISTRIBUTION, ETC. (IMPRINT)
Place of publication, distribution, etc. London :
Name of publisher, distributor, etc. Oxford University Press ;
-- English Language Book Society,
Date of publication, distribution, etc. c1966 [1969]
300 ## - PHYSICAL DESCRIPTION
Pagination xiv, 273 p. ;
Size 19 cm.
504 ## - BIBLIOGRAPHY, ETC. NOTE
Bibliography, etc Bibliography: p. 273
650 #0 - SUBJECT ADDED ENTRY--TOPICAL TERM
Topical term or geographic name as entry element English language
Form subdivision Textbooks for foreign speakers
9 (RLIN) 117011
Topical term or geographic name as entry element English language
Form subdivision Self-instruction
9 (RLIN) 150958
942 ## - ADDED ENTRY ELEMENTS (KOHA)
Source of classification or shelving scheme Dewey Decimal Classification
Koha item type Books
Holdings
Lost status Source of classification or shelving scheme Damaged status Not for loan Collection code Permanent Location Current Location Shelving location Date acquired Source of acquisition Cost, normal purchase price Total Checkouts Full call number Date last seen Copy number Koha item type
  Dewey Decimal Classification     Non-fiction Central Library, University of Rajshahi Central Library, University of Rajshahi   04/02/1973 Oxford university press 3.85   428.24 LEE 1969 24/08/2016 C-2 Books
  Dewey Decimal Classification     Non-fiction Central Library, University of Rajshahi Central Library, University of Rajshahi   09/05/1974 Oxford University Press 3.85   428.24 LEE 1969 29/08/2016 C-3 Books